<?xml version="1.0" encoding="UTF-8"?>
<collection xmlns="http://www.loc.gov/MARC21/slim">
    <record>
        <controlfield tag="001">43806</controlfield>
        <controlfield tag="005">20170831221114.0</controlfield>
        <datafield tag="037" ind1=" " ind2=" ">
            <subfield code="a">GDOC-2011-0475</subfield>
        </datafield>
        <datafield tag="041" ind1=" " ind2=" ">
            <subfield code="a">spa</subfield>
        </datafield>
        <datafield tag="100" ind1=" " ind2=" ">
            <subfield code="0">(orcid)0000-0003-1112-524X</subfield>
            <subfield code="a">Bádenas Lago, Beatriz María</subfield>
        </datafield>
        <datafield tag="245" ind1="0" ind2="0">
            <subfield code="9">26419</subfield>
            <subfield code="a">Geología histórica, regional y de España</subfield>
        </datafield>
        <datafield tag="260" ind1=" " ind2=" ">
            <subfield code="a">Zaragoza</subfield>
            <subfield code="b">Universidad de Zaragoza</subfield>
            <subfield code="c">2011-2012</subfield>
        </datafield>
        <datafield tag="520" ind1=" " ind2=" ">
            <subfield code="a">La Geología Histórica es la parte de las Ciencias Geológicas dedicada a estudiar todos los procesos geológicos que tuvieron lugar en la Tierra desde el momento de su formación hasta la actualidad. Se basa en el estudio del registro rocoso y pretende situar en orden cronológico absoluto todos los procesos generadores del registro interpretando su origen y las condiciones geológicas de su formación. El objetivo fundamental de esta asignatura está dirigido al aprendizaje por parte del alumno de la historia geológica de la Tierra, desarrollando conceptos clave relativos a la formación de la corteza, y a la posterior evolución hasta la implantación de la tectónica de placas, asi como la generación de océanos y el movimiento de los continentes a lo largo del tiempo geológico. Dentro de esta historia geológica se atenderán a los acontecimientos relativos a la aparición y evolucion de la vida y de los seres vivos, sus apariciones, relevos y extinciones, así como a aspectos paleoclimáticos y paleogeográficos. La Geología Regional y de España estudia concretamente las distintas unidades geológicas que constituyen la Península Ibérica en el contexto de la geología global, interpretando su origen en los procesos de la tectónica que originaron el continente europeo, estudiando su relación con la génesis del continente europeo, estudiando las unidades ibéricas y sus relaciones regionales.  El objetivo fundamental de la segunda parte de la asignatura se centra en el conocimiento de las unidades geológicas de la península Ibérica, el conocimento de su estructura y su génesis, centrada en los ciclos orogénicos Varisco e Ibérico. Se hará hincapié en el origen de las cadenas plegadas y en los distintos tipos de cadenas: de borde de placa, intraplaca y cuencas de antepaís o intramontañosas. Se tratarán de manera específica los yacimientos minerales y los distintos procesos magmáticos que tienen relación con los ciclos orogénicos que generaron la estructura actual de la península Ibérica. Se recomienda al estudiante el haber cursado las asignaturas previas del grado, dado el carácter integrador de todos los conceptos de esta asignatura.</subfield>
        </datafield>
        <datafield tag="521" ind1=" " ind2=" ">
            <subfield code="9">114</subfield>
            <subfield code="a">Graduado en Geología</subfield>
        </datafield>
        <datafield tag="540" ind1=" " ind2=" ">
            <subfield code="a">by-nc-sa</subfield>
            <subfield code="b">Creative Commons</subfield>
            <subfield code="c">3.0</subfield>
            <subfield code="u">http://creativecommons.org/licenses/by-nc-sa/3.0/</subfield>
        </datafield>
        <datafield tag="700" ind1=" " ind2=" ">
            <subfield code="0">(orcid)0000-0002-0302-2737</subfield>
            <subfield code="a">Fanlo González, María Isabel</subfield>
        </datafield>
        <datafield tag="700" ind1=" " ind2=" ">
            <subfield code="0">(orcid)0000-0002-0117-8279</subfield>
            <subfield code="a">González Rodríguez, Ángel</subfield>
        </datafield>
        <datafield tag="700" ind1=" " ind2=" ">
            <subfield code="0">(orcid)0000-0001-9702-5527</subfield>
            <subfield code="a">Meléndez Hevia, Alfonso</subfield>
        </datafield>
        <datafield tag="700" ind1=" " ind2=" ">
            <subfield code="0">(orcid)0000-0002-3609-7380</subfield>
            <subfield code="a">Lago San José, Marceliano</subfield>
        </datafield>
        <datafield tag="700" ind1=" " ind2=" ">
            <subfield code="0">(orcid)0000-0003-1916-1077</subfield>
            <subfield code="a">Liñán Guijarro, Eladio</subfield>
        </datafield>
        <datafield tag="830" ind1=" " ind2=" ">
            <subfield code="9">296</subfield>
        </datafield>
        <datafield tag="856" ind1="4" ind2=" ">
            <subfield code="s">91569</subfield>
            <subfield code="u">http://zaguan.unizar.es/record/43806/files/guia.pdf</subfield>
            <subfield code="y">Guía (idioma español)</subfield>
        </datafield>
        <datafield tag="980" ind1=" " ind2=" ">
            <subfield code="a">GDOC</subfield>
            <subfield code="b">Ciencias</subfield>
            <subfield code="c">100</subfield>
        </datafield>
    </record>

    
</collection>